书目信息 |
| 题名: |
钎焊手册
|
|
| 作者: | ;曹雄夫 译 ;美国焊接学会钎焊委员会 编著 | |
| 分册: | ||
| 出版信息: | 北京 国防工业出版社 1982 |
|
| 页数: | 416页 | |
| 开本: | 21cm | |
| 丛书名: | ||
| 单 册: | ||
| 中图分类: | TG454 | |
| 科图分类: | ||
| 主题词: | 钎焊--手册 | |
| 电子资源: | ||
| ISBN: | ||
| 000 | 00780nam0 2200265 45 | |
| 001 | 0182011234 | |
| 005 | 20060911151759.48 | |
| 010 | @dCNY1.65 | |
| 091 | @a15034.2284 | |
| 100 | @a19950703d1982 em y0chiy0121 ea | |
| 101 | 1 | @achi@ceng |
| 102 | @aCN@b110000 | |
| 105 | @ay z 000yy | |
| 200 | 10 | @a钎焊手册@Aqian han shou ce@f美国焊接学会钎焊委员会编著@g曹雄夫译 |
| 210 | @a北京@c国防工业出版社@d1982 | |
| 215 | @a416页@d21cm | |
| 300 | @a书名原文:Brazing Manual | |
| 510 | 1 | @aBrazing Manual@zeng |
| 606 | @a钎焊@x手册 | |
| 690 | @aTG454@v3 | |
| 702 | 0 | @a曹雄夫@Acao xiong fu@4译 |
| 711 | 02 | @a美国焊接学会钎焊委员会@Amei guo han jie xue hui qian han wei yuan hui@4编著 |
| 801 | 0 | @aCN@bTSSF@c20060911 |
| 801 | 2 | @aCN@bNLC@c20060815 |
| 905 | @a10447@dTG454@e21 | |
| 钎焊手册/美国焊接学会钎焊委员会编著/曹雄夫译.-北京:国防工业出版社,1982 |
| 416页;21cm |
| 书名原文:Brazing Manual |
| ISBN :CNY1.65 |
| ● |
| 相关链接 |
|
|
|
|
正题名:钎焊手册
索取号:TG454/21
 
预约/预借
| 序号 | 登录号 | 条形码 | 馆藏地/架位号 | 状态 | 备注 |
| 1 | 0458505 | 204585056 | 密集书库/ [索取号:TG454/21] | 在馆 | |
| 2 | 0458506 | 204585065 | 密集书库/ [索取号:TG454/21] | 在馆 | |
| 3 | 0458507 | 204585074 | 密集书库/ [索取号:TG454/21] | 在馆 | |
| 4 | 0470556 | 204705569 | 密集书库/ [索取号:TG454/21] | 在馆 |